Qui était présent lors de la Passion du Christ ? - Statistiques

Statistiques générales
  • Ce quiz a été pris 15 fois
  • Le résultat moyen est 5 sur 10
Answers on the Grid
Answers color-coded by a green-red scale on the quiz's grid according to % correct below.
Pierre
Barrabas
Marie-Madeleine
La Samaritaine
Ponce Pilate
Jean (apôtre)
Simon de Cyrène
Marie de Béthanie
Thomas
Nicodème
André
Marie (mère de Jésus)
Lazare
Judas Iscariote
Le bon larron
Joseph d’Arimathie
Marthe
Le mauvais larron
Jacques le Majeur
Hérode Antipas
 
Statistiques - réponses
Réponse % Correct
Marie-Madeleine
100%
Marie (mère de Jésus)
67%
Jean (apôtre)
58%
Le bon larron
50%
Le mauvais larron
50%
Ponce Pilate
50%
Simon de Cyrène
50%
Joseph d’Arimathie
33%
Nicodème
33%
Hérode Antipas
8%
Aucun quiz correspondant
Distribution des résultats
% des personnes avec chaque résultat
Percentile par nombre de réponses
Votre historique - résultats
Vous n’avez pas pris ce quiz